Technical Q and A (Record no. 82397)

MARC details
000 -LEADER
fixed length control field 00687cam a22002055a 4500
001 - CONTROL NUMBER
control field L150102
008 - FIXED-LENGTH DATA ELEMENTS--GENERAL INFORMATION
fixed length control field 00602 s2010 xxk f 000 0 eng d
035 ## - SYSTEM CONTROL NUMBER
System control number (Sirsi) u150102
041 0# - LANGUAGE CODE
Language code of text/sound track or separate title eng
100 1# - MAIN ENTRY--PERSONAL NAME
Personal name Kent, Douglas
245 00 - TITLE STATEMENT
Title Technical Q and A
Remainder of title timber floor structures
260 ## - PUBLICATION, DISTRIBUTION, ETC.
Date of publication, distribution, etc. 2010
490 #0 - SERIES STATEMENT
Series statement Cornerstone
Volume/sequential designation 31(2) 2010, 50(1)
520 ## - SUMMARY, ETC.
Summary, etc. Problems with old timber floor structures; remedies; repairing or replacing; strengthening.
590 ## - LOCAL NOTE (RLIN)
Local note KA
651 #4 - SUBJECT ADDED ENTRY--GEOGRAPHIC NAME
Geographic name United Kingdom
Chronological subdivision
690 ## - LOCAL SUBJECT ADDED ENTRY--TOPICAL TERM (OCLC, RLIN)
Topical term or geographic name as entry element BUILT ENVIRONMENT-BUILDING MAINTENANCE AND REFURBISHMENT-BUILDING CONSERVATION
690 ## - LOCAL SUBJECT ADDED ENTRY--TOPICAL TERM (OCLC, RLIN)
Topical term or geographic name as entry element BUILT ENVIRONMENT-BUILDING MATERIALS-TIMBER-TIMBER AND WOOD
942 ## - ADDED ENTRY ELEMENTS (KOHA)
Suppress in OPAC 0
Holdings
Withdrawn status Lost status Source of classification or shelving scheme Damaged status Not for loan Home library Current library Shelving location Date acquired Total Checkouts Full call number Barcode Date last seen Copy number Price effective from Koha item type
    Dewey Decimal Classification     London London Journal article 02/06/2010   L150102 150102-1001 06/08/2019 1 06/08/2019 Journal article